Praktické účetní případy 2013 příklady účtování na všech účtech

Saved in:
Bibliographic Details
Main Author Rubáková, Věra
Format Electronic eBook
LanguageCzech
Published Grada 2013
Edition1. elektronické vydání
Subjects
Online AccessDostupné v BOOKPORT po přihlášení pomocí eduID
ISBN978-80-247-8428-1
978-80-247-8429-8
978-80-247-4635-7
Physical Description1 online zdroj (168 stran)

Cover

LEADER 00000nam a2200000 i 4500
001 bkp7633
003 CZ-prgp
005 20170103190445.0
006 m o d
007 cr cn
008 170103s2013 xr o 000 0 cze
020 |a 978-80-247-8428-1  |c 254 Kč  |q (online ; pdf) 
020 |a 978-80-247-8429-8  |c 254 Kč  |q (online ; epub) 
020 |a 978-80-247-4635-7  |c 305 Kč  |q (print) 
040 |a Grada  |b cze  |e rda 
100 1 |a Rubáková, Věra 
245 1 0 |a Praktické účetní případy 2013  |b příklady účtování na všech účtech  |c Věra Rubáková 
250 |a 1. elektronické vydání 
264 1 |b Grada  |c 2013 
300 |a 1 online zdroj (168 stran) 
336 |a text  |b txt  |2 rdacontent 
337 |a počítač  |b c  |2 rdamedia 
338 |a online zdroj  |b cr  |2 rdacarrier 
520 3 |a Šesté, aktualizované vydání zahrnuje novely účetních a daňových předpisů k 1. 1. 2013. Kniha pomůže účetním, podnikatelům i studentům středních a vysokých škol při řešení různých účetních operací. Hlavní předností knihy je zpracování jak jednoduchých, tak složitých účetních případů, které jsou seřazeny podle účtových tříd a jsou znázorněny v obchodních společnostech (např. v akciové společnosti a ve společnosti s r. o.). Zaúčtování jednotlivých účetních případů je znázorněno v podobě přehledných tabulek i "téčekk". Vhodná je i jako doplňující cvičebnice pro studenty. 
650 0 4 |a Účetnictví 
856 4 0 |u https://www.bookport.cz/AccountSaml/SignIn/?idp=https://shibboleth.utb.cz/idp/shibboleth&returnUrl=/kniha/prakticke-ucetni-pripady-2013-2249/  |y Dostupné v BOOKPORT po přihlášení pomocí eduID